000 00368nam a22001577a 4500
005 20200524104701.0
008 200524b xxu||||| |||| 00| 0 eng d
041 _aeng
082 _a340
100 _aBARE ACT
_95744
245 _aTHE EMPLOYEE'S COMPENSATION ACT, 1923
260 _aDELHI
_bPROFESSIONALS BOOK
300 _a91,p
650 _aLAW
_95701
942 _cBK
999 _c6490
_d6488